| 000 | 00635nam a2200205Ia 4500 | ||
|---|---|---|---|
| 003 | GCL | ||
| 008 | 140319s9999 xx 000 0 ara d | ||
| 040 |
_aGCL / _cGCL |
||
| 082 | 0 | 4 |
_a226.2 _bع ا |
| 100 | 1 | _aعبدالحليم حنفى | |
| 245 | 1 | 0 |
_aانصاف الخصم فى القران لكريم واثرة الاعلامى / _cعبدالحليم حنفى |
| 260 |
_a[S.N] : _bالهيئة المصرية العامة للكتاب ، _c1993 |
||
| 300 | _a363 ص | ||
| 490 | _a | ||
| 650 | 0 | 4 | _aالاسلام |
| 650 | 0 | 4 | _aالديانات |
| 650 | 0 | 4 | _aفقه القرأن |
| 650 | 0 | 4 | _aالقران |
| 942 |
_2ddc _cBK |
||
| 999 |
_c29834 _d29834 |
||